000 00421nam a2200145Ia 4500
008 230519s9999 xx 000 0 und d
020 _a978-93-86827-42-5
041 _aeng
082 _aAD/610.6/SWA/DB0880
100 _aSwain Dharitri
_9180001
245 _aNursing Administration And Management For Nurses
260 _bCBS Publishers & Distributors
_aNew Delhi
_c2018
300 _a327p
999 _c159487
_d159487